Statistiques concernant Répliques de Personnages Disney

Cliquez ici pour prendre le quiz!

Statistiques générales

  • Ce quiz a été pris 213 fois
  • Le résultat moyen est 3 sur 16

Statistiques - réponses

HintRéponse% Correct
J'aime les romans de capes et d'épées, pleins de magie et de princes ensorcelés.Belle de La Belle et La Bête
83%
On mesure la distance des étoiles, on ne fait pas coucou à la Grande Ourse.Maui de Vaiana
37%
Très honoré Votre Altesse, vous voulez bien me tenir mon balai?Javotte de Cendrillon
24%
Nom d'un petit bonhomme! Mais tu voles!Timothée de Dumbo
21%
Une seconde... Ouais, ça y est, j'y ai pris goût. Les gars? Je veux un château.Flynn Ryder de Raiponce
18%
Un ange, tss, c'est une femme! Et toutes les femmes, c'est du poison!Grincheux de Blanche-Neige
18%
Ta maman ne reviendra pas.Kenai de Frère Des Ours
14%
Oh je trouve qu'elle l'a pris plutôt bien.Jafar de Aladdin
11%
Les princes, c'est les pires.Kristoff de La Reine Des Neiges
11%
Quelle chance peuvent-ils t'apporter? Ils sont morts.Grand-mère Fa de Mulan
9%
Ouais c'est si très moche, voilà ce que c'est!Tok de Tarzan
9%
Franchement, au niveau du cœur c'est le calme plat.Eurêka de La Petite Sirène
7%
Extraordinaire ! Une forme de vie primitive vient enfin me sauver les miches ! Oh le pied, le délire, je t’adore ! Fais-moi un gros câlin, chéri.Ben de La Planète au Trésor
7%
Je tiens quatre jours avec un slip: à l'endroit, à l'envers, après je le retourne et je le remets, à l'endroit et à l'envers.Fred de Les Nouveaux Héros
7%
Non et heureusement pour lui parce que j'aurais collé une paire de gifles à son cadavre.Calhoun de Les Mondes De Ralph
4%
La plus belle preuve d'amour qu'on peut donner à un ami, c'est de lui sacrifier sa vie.Bagheera de Le Livre De La Jungle
3%

Distribution des résultats

Percentile par nombre de réponses

% des personnes avec chaque résultat

Votre développement - résultats

Vous n’avez pas pris ce quiz